Guess the 1960s song lyrics #364 - Statistics

General Stats
  • This quiz has been taken 30 times
  • The average score is 95 of 136
Answer Stats
Answer % Correct
a
96%
an
96%
and
96%
And
96%
Christmas
96%
to
96%
To
96%
you
96%
all
92%
Merry
92%
on
92%
so
92%
the
92%
from
88%
your
88%
at
83%
by
83%
I'm
83%
know
83%
one
83%
that
83%
if
79%
it
79%
of
79%
fire
75%
open
75%
up
75%
with
75%
every
71%
Frost
71%
Jack
71%
nippin
71%
nose
71%
this
71%
way
71%
carols
67%
Chestnuts
67%
his
67%
how
67%
it's
67%
many
67%
roasting
67%
sung
67%
They
67%
times
67%
being
63%
fly
63%
is
63%
make
63%
mistletoe
63%
Nat King Cole
63%
ninety-two
63%
really
63%
reindeer
63%
said
63%
Santa's
63%
see
63%
sleigh
63%
some
63%
will
63%
been
58%
bright
58%
choir
58%
like
58%
offering
58%
simple
58%
toys
58%
ways
58%
Yuletide
58%
child
54%
dressed
54%
folks
54%
He's
54%
lots
54%
mother's
54%
phrase
54%
Eskimos
50%
kids
50%
knows
50%
Everybody
46%
find
46%
goodies
46%
hard
46%
sleep
46%
their
46%
tonight
46%
tots
46%
turkey
46%
Although
42%
eyes
42%
season
42%
Tiny
42%
aglow
38%
gonna
38%
spy
38%
help
33%
loaded
29%
No matching quizzes found
Score Distribution
Percent of People with Each Score
Percentile by Number Answered
Your Score History
You have not taken this quiz